000 00391nam a2200133Ia 4500
005 20260328104325.0
008 260328s9999||||xx |||||||||||||| ||und||
100 _aSteven, Izenour
245 0 _aAprendiendo de las Vegas, el simbolismo olVidado de la Forma Arquitectónica :
_b 1931-1959 /
_cIzenour Steven
260 _bGustavo Gili
300 _a227 p.
650 _aHISTORIA
942 _cBK
999 _c11486
_d11486